<?xml version="1.0" encoding="UTF-8"?>
<marc:record xmlns:marc="http://www.loc.gov/MARC21/slim">
   <marc:leader>00000nam a2200000 a 4500</marc:leader>
   <marc:datafield ind1="1" ind2=" " tag="100">
      <marc:subfield code="a">Bjork, Samuel</marc:subfield>
      <marc:subfield code="4">aut</marc:subfield>
      <marc:subfield code="e">Verfasser/-in</marc:subfield>
   </marc:datafield>
   <marc:datafield ind1="0" ind2="0" tag="245">
      <marc:subfield code="a">Engelskalt</marc:subfield>
   </marc:datafield>
   <marc:datafield ind1=" " ind2="1" tag="264">
      <marc:subfield code="b">Goldmann</marc:subfield>
      <marc:subfield code="c">2015</marc:subfield>
   </marc:datafield>
   <marc:datafield ind1="1" ind2=" " tag="490">
      <marc:subfield code="a">Holger Munch und Mia Krüger-Reihe</marc:subfield>
   </marc:datafield>
   <marc:datafield ind1="1" ind2=" " tag="520">
      <marc:subfield code="a">Ein Spaziergänger findet im norwegischen Wald ein totes Mädchen, aufgehängt an einem Springseil. Kommissar Holger Munch beschließt, sich der Hilfe seiner Kollegin Mia Krüger zu versichern, deren Spürsinn unschlagbar ist. Er reist auf die Insel Hitra, um sie abzuholen. Was Munch nicht weiß: Mia hat sich dorthin zurückgezogen, um sich umzubringen. Doch als sie die Bilder des toten Mädchen sieht, entdeckt sie ein Detail, das bisher übersehen wurde - und das darauf schließen lässt, dass es nicht bei dem einen Opfer bleiben wird.</marc:subfield>
   </marc:datafield>
   <marc:datafield ind1=" " ind2=" " tag="020">
      <marc:subfield code="a">9783442482252</marc:subfield>
      <marc:subfield code="9">9783442482252</marc:subfield>
   </marc:datafield>
</marc:record>
